000
00298nam a22001337a 4500
008
170306b xxu||||| |||| 00| 0 eng d
020
_a
0060466375
041
_a
eng
080
_2
2ND
_a
611
100
_a
6
101
_a
SHM
245
_a
PRINCIPLES OF HUMAN ANATOMY
_c
TORTORA, G.J
942
_2
udc
_c
BK
999
_c
6933
_d
6933